[Event "Tournoi francophone 013"]
[Site "Skype"]
[Date "????.??.??"]
[Round "3.3"]
[White "Deville, Olivier"]
[Black "Leyton Calderon, Jairo Oswaldo"]
[Result "0-1"]
[WhiteElo "1823"]
[BlackElo "1526"]
[PlyCount "54"]

1. d4 Nf6 2. c4 g6 3. Nc3 Bg7 4. Nf3 d6 5. g3 Nbd7 6. Bg2 O-O 7. O-O c5 8. e4
Qa5 9. h3 cxd4 10. Nxd4 Ne5 11. Qb3 Qc5 12. Nf3 Nxc4 13. Na4 Qc7 14. Bf4 Na5
15. Qe3 Be6 16. Rac1 Qd7 17. Nc3 Bxh3 18. Nd5 Nxd5 19. exd5 b6 20. Bh6 Rfc8 21.
Bxg7 Kxg7 22. Bxh3 Qxh3 23. Qxe7 Qf5 24. Ng5 Qxd5 25. Rcd1 Qf5 26. Rxd6 Re8 27.
Ne6+ Kg8 0-1

[Event "Tournoi francophone 013"]
[Site "Skype"]
[Date "????.??.??"]
[Round "3.4"]
[White "Legueltel, Daniel"]
[Black "Violette, Didier"]
[Result "1-0"]
[WhiteElo "1753"]
[BlackElo "1520"]
[PlyCount "94"]

1. d4 Nf6 2. Bf4 g6 3. e3 d6 4. Nf3 Bg7 5. c4 Nh5 6. Bg3 Nd7 7. Be2 Nxg3 8.
hxg3 c5 9. Nc3 a6 10. Qd2 b6 11. O-O-O Bb7 12. dxc5 Nxc5 13. Rh2 Qc7 14. Nd5
Bxd5 15. Qxd5 O-O 16. Ng5 h6 17. Nxf7 Rxf7 18. Qxa8+ Rf8 19. Qd5+ Kh7 20. Bf3
Na4 21. Rd2 Rf5 22. Qd3 Nc5 23. Qc2 Ne6 24. Be4 Rf6 25. g4 Ng5 26. f4 Nxe4 27.
Qxe4 Rf7 28. g5 Qc5 29. gxh6 Bh8 30. g4 Bf6 31. g5 Bh8 32. Qe6 Qf5 33. Qxf5
Rxf5 34. Rd5 Rf8 35. b3 Bc3 36. Kc2 Bb4 37. Rf2 Bc5 38. Kd3 e6 39. Rxc5 bxc5
40. a3 a5 41. Kc3 Rb8 42. Rb2 Rf8 43. Rd2 Rd8 44. b4 cxb4+ 45. axb4 axb4+ 46.
Kxb4 Rb8+ 47. Kc3 Rd8 1-0

[Event "Tournoi francophone 013"]
[Site "Skype"]
[Date "????.??.??"]
[Round "3.6"]
[White "Le Brun, Yves"]
[Black "Meyer, Eric"]
[Result "0-1"]
[WhiteElo "1338"]
[BlackElo "1675"]
[PlyCount "36"]

1. d4 Nf6 2. c4 g6 3. Nc3 Bg7 4. Bf4 d6 5. Qd2 Nc6 6. Nf3 Bg4 7. Bh6 Bxh6 8.
Qxh6 Bxf3 9. gxf3 Nxd4 10. O-O-O Nf5 11. Qd2 O-O 12. e4 Ng7 13. f4 Ngh5 14. Be2
Qd7 15. Rdg1 Kh8 16. Bg4 Qc6 17. Qd5 Nxf4 18. Qd4 e5 0-1

[Event "Tournoi francophone 013"]
[Site "Skype"]
[Date "????.??.??"]
[Round "3.7"]
[White "Megelas, Florent"]
[Black "Trivedi, Viral"]
[Result "1/2-1/2"]
[WhiteElo "1539"]
[BlackElo "1230"]
[PlyCount "44"]

1. e4 e6 2. d4 d5 3. exd5 exd5 4. Bd3 Bd6 5. Nc3 c6 6. Nge2 Nf6 7. Bf4 Bb4 8.
O-O Bg4 9. h3 Bh5 10. Re1 O-O 11. Qc1 Nbd7 12. Ng3 Bxc3 13. bxc3 Bg6 14. Rb1 b6
15. Bxg6 fxg6 16. Bd6 Re8 17. Qf4 Rxe1+ 18. Rxe1 c5 19. dxc5 Nxc5 20. c4 h6 21.
Bxc5 bxc5 22. cxd5 Qxd5 1/2-1/2

[Event "Tournoi francophone 013"]
[Site "Skype"]
[Date "????.??.??"]
[Round "3.8"]
[White "Gerbaux, Regis"]
[Black "Elias, Roberto"]
[Result "0-1"]
[WhiteElo "1073"]
[BlackElo "1782"]
[PlyCount "54"]

1. Nf3 d5 2. d4 Nf6 3. Bf4 c5 4. c3 Nc6 5. e3 cxd4 6. exd4 Qb6 7. Qb3 Bg4 8.
Be2 e6 9. Nbd2 Be7 10. h3 Bh5 11. g4 Bg6 12. Nh4 Qxb3 13. axb3 Bc2 14. Rc1 Bg6
15. Nxg6 hxg6 16. Nf3 Nxg4 17. Ne5 Ngxe5 18. dxe5 O-O-O 19. Bb5 Rh4 20. Bg3
Re4+ 21. Be2 Nxe5 22. f3 Nxf3+ 23. Kf2 Nd2 24. b4 Bh4 25. Bf3 Bxg3+ 26. Kxg3
Re3 27. Kf2 Rxf3+ 0-1

[Event "Tournoi francophone 013"]
[Site "Skype"]
[Date "????.??.??"]
[Round "3.9"]
[White "Mantelli, Luca"]
[Black "Vincent, Andre"]
[Result "0-1"]
[WhiteElo "1370"]
[BlackElo "1377"]
[PlyCount "142"]

1. e4 c6 2. Nc3 e6 3. d4 d5 4. e5 Nd7 5. Nce2 Bb4+ 6. c3 Ba5 7. b4 Bc7 8. Be3
Ne7 9. Ng3 g6 10. Bd3 b5 11. Nf3 f6 12. exf6 Nxf6 13. O-O Ng4 14. Bg5 Qd7 15.
h3 Bxg3 16. fxg3 h6 17. Bxe7 Qxe7 18. hxg4 Qg7 19. Ne5 Rf8 20. Bxg6+ Kd8 21.
Nxc6+ Kc7 22. Ne5 Bd7 23. Rf3 Rf6 24. Rxf6 Qxf6 25. Qd2 Qg5 26. Qxg5 hxg5 27.
Rf1 Rd8 28. Rf7 Kc8 29. Nxd7 Rxd7 30. Kf2 Rxf7+ 31. Bxf7 Kd7 32. Ke2 Ke7 33.
Kd2 Kxf7 34. Kc2 Kf6 35. Kb3 a6 36. a4 e5 37. dxe5+ Kxe5 38. axb5 axb5 39. Kc2
Ke4 40. Kd2 d4 41. cxd4 Kxd4 42. Ke2 Kc4 43. Ke3 Kxb4 44. Kd2 Kc4 45. Kc2 b4
46. Kb2 b3 47. Kb1 Kc3 48. Kc1 Kd3 49. Kb2 Kc4 50. Kb1 Kb4 51. Kb2 Kc4 52. Kc1
Kd3 53. Kb2 Ke2 54. Kxb3 Kf2 55. Kc3 Kxg2 56. Kc4 Kxg3 57. Kd3 Kxg4 58. Kd4 Kf3
59. Ke5 g4 60. Kf5 g3 61. Ke5 g2 62. Kf5 g1=Q 63. Ke5 Qe3+ 64. Kf6 Qe8 65. Kf5
Qe4+ 66. Kf6 Kf4 67. Kg7 Qe7+ 68. Kh6 Qg5+ 69. Kh7 Kf5 70. Kh8 Kf6 71. Kh7 Qg7#
0-1

[Event "Tournoi francophone 013"]
[Site "Skype"]
[Date "????.??.??"]
[Round "3.10"]
[White "Martinez Quintero, Javier"]
[Black "Pouteau, Pascal"]
[Result "1-0"]
[WhiteElo "1697"]
[BlackElo "1345"]
[PlyCount "63"]

1. c4 e5 2. Nc3 Nf6 3. Nf3 d6 4. d4 Nbd7 5. e3 e4 6. Nd2 Qe7 7. g3 b6 8. Bg2
Bb7 9. d5 Nc5 10. b4 Nd3+ 11. Ke2 Ng4 12. Ndxe4 Nxc1+ 13. Rxc1 Qd7 14. Bh3 f5
15. Ng5 c6 16. Ne6 Be7 17. Nxg7+ Kd8 18. Ne6+ Kc8 19. f3 Nh6 20. e4 Bf6 21. Nd4
Bxd4 22. Qxd4 Re8 23. Qf6 Ng8 24. Qxf5 Qxf5 25. Bxf5+ Kc7 26. Bxh7 Nf6 27. Bf5
Rad8 28. h4 Nh5 29. Kf2 Rg8 30. Ne2 Rg7 31. g4 Nf6 32. Nd4 1-0

[Event "Tournoi francophone 013"]
[Site "Skype"]
[Date "????.??.??"]
[Round "3.11"]
[White "Gadow, Martin"]
[Black "Vervoort, Jean-Louis"]
[Result "1-0"]
[WhiteElo "1521"]
[BlackElo "1273"]
[PlyCount "73"]

1. d4 d5 2. Nf3 Nf6 3. e3 Nc6 4. a3 Bg4 5. Nbd2 e6 6. Be2 Bxf3 7. Bxf3 Qd7 8.
c4 Be7 9. O-O O-O 10. cxd5 Nxd5 11. Nb3 Bh4 12. Nc5 Qc8 13. Nd3 Nf6 14. Qc2 Qd7
15. b4 a6 16. Bb2 Rae8 17. Nc5 Qc8 18. Nxb7 Qxb7 19. Bxc6 Qc8 20. Bxe8 Rxe8 21.
Qc6 Ng4 22. Qf3 e5 23. dxe5 Nxe5 24. Bxe5 Rxe5 25. Rac1 Rf5 26. Rxc7 Qxc7 27.
Qxf5 g6 28. Qe4 Qc3 29. Qxh4 Qxa3 30. Qd8+ Kg7 31. Qd4+ Kg8 32. Ra1 Qb3 33. h3
h5 34. Rxa6 Qb1+ 35. Kh2 Qf5 36. Ra8+ Kh7 37. Qh8# 1-0

[Event "Tournoi francophone 013"]
[Site "Skype"]
[Date "????.??.??"]
[Round "3.12"]
[White "Farfallini, Michel"]
[Black "Moumtaz, Abderrahim"]
[Result "0-1"]
[WhiteElo "1446"]
[BlackElo "1226"]
[PlyCount "80"]

1. e4 e5 2. Nf3 Nf6 3. Nxe5 d6 4. Nf3 Nxe4 5. Bc4 Be6 6. Bxe6 fxe6 7. d3 Nf6 8.
O-O Be7 9. Re1 e5 10. Bg5 O-O 11. Nc3 Nc6 12. Ne4 a6 13. c3 d5 14. Ng3 Bd6 15.
Nh5 Be7 16. Nxf6+ Bxf6 17. Be3 Qe7 18. d4 e4 19. Bf4 Qf7 20. Nd2 Rae8 21. f3
Bh4 22. Rf1 Qxf4 23. fxe4 Qd6 24. Rxf8+ Rxf8 25. Qb3 Na5 26. Qc2 Bg5 27. Nf3
Be3+ 28. Kh1 dxe4 29. Qxe4 Bf4 30. Re1 Nc4 31. Qxb7 Qb6 32. Qd5+ Kh8 33. Qxc4
Qd6 34. Ne5 Qf6 35. Rf1 Qf5 36. g3 Qe4+ 37. Nf3 Be3 38. Qe2 g5 39. Rf2 g4 40.
Kg1 gxf3 0-1

[Event "Tournoi francophone 013"]
[Site "Skype"]
[Date "????.??.??"]
[Round "3.14"]
[White "Fouquereau, Andre"]
[Black "Malbec, Robert"]
[Result "0-1"]
[WhiteElo "1433"]
[BlackElo "1214"]
[PlyCount "54"]

1. e4 e5 2. c3 Nf6 3. Nf3 Nc6 4. d3 a6 5. g3 Bc5 6. Bg5 Be7 7. Bg2 d6 8. O-O
O-O 9. Nbd2 Be6 10. Nc4 b5 11. Ne3 h6 12. Bxf6 Bxf6 13. Nd5 Bxd5 14. exd5 Ne7
15. Qb3 Rb8 16. Nd2 Qc8 17. Ne4 Qf5 18. Rab1 Nc8 19. f4 Nb6 20. Nxf6+ Qxf6 21.
fxe5 Qxe5 22. Rbe1 Qg5 23. d4 Rbe8 24. a4 Nc4 25. Qb4 Ne3 26. Rf4 Nc2 27. Rxe8
Nxb4 0-1

[Event "Tournoi francophone 013"]
[Site "Skype"]
[Date "????.??.??"]
[Round "3.15"]
[White "L'Herbon De Lussats, Jean"]
[Black "Ortiz, Vladimir"]
[Result "0-1"]
[WhiteElo "1272"]
[BlackElo "1419"]
[PlyCount "90"]

1. d4 d5 2. Nf3 Bf5 3. g3 Nd7 4. Bg2 c6 5. c4 dxc4 6. Bf4 e6 7. O-O Ngf6 8.
Nbd2 Nb6 9. a4 Nbd5 10. Be5 Bd6 11. e4 Nxe4 12. Nxc4 Bxe5 13. Nfxe5 O-O 14. Ne3
Nd6 15. N3g4 Bxg4 16. Qxg4 Nf6 17. Qe2 Nf5 18. Rfd1 Qc7 19. b4 Rad8 20. Nf3 a6
21. Rd3 Rd6 22. Rad1 Rfd8 23. Qb2 Qb6 24. a5 Qc7 25. Bh3 Ne7 26. Ne5 Nd7 27.
Nc4 Rd5 28. Bg2 Rb5 29. f4 Nd5 30. Na3 Rxb4 31. Qd2 N7f6 32. Nc2 Rb5 33. Ra1
Qe7 34. Re3 Nxe3 35. Qxe3 Qc7 36. Qc3 Nd5 37. Qa3 Re8 38. Re1 Rxa5 39. Qd3 f5
40. h3 Qf7 41. Re5 Rb5 42. Qe2 Rb2 43. Qd1 Nc3 44. Qd3 Nd5 45. Na3 Qg6 0-1

[Event "Tournoi francophone 013"]
[Site "Skype"]
[Date "????.??.??"]
[Round "3.16"]
[White "Couto, Januario"]
[Black "De Coninck, Philippe"]
[Result "1-0"]
[WhiteElo "1387"]
[BlackElo "1173"]
[PlyCount "109"]

1. e4 e5 2. Nf3 Nc6 3. Bb5 a6 4. Ba4 Nf6 5. O-O b5 6. Bb3 Bb7 7. d3 d5 8. exd5
Nxd5 9. Re1 Qd6 10. d4 f6 11. dxe5 fxe5 12. Bxd5 O-O-O 13. Nc3 b4 14. Bxc6 Qxc6
15. Qe2 bxc3 16. Qxe5 cxb2 17. Bxb2 Qc5 18. Qxc5 Bxc5 19. Rad1 Rxd1 20. Rxd1
Rg8 21. Ne5 Rf8 22. Nd3 Rf5 23. Nxc5 Rxc5 24. Rd2 Rg5 25. g3 Rb5 26. c4 Rb4 27.
c5 Rc4 28. f4 Rxc5 29. Bxg7 Rc1+ 30. Kf2 Rh1 31. Ke3 Re1+ 32. Kd4 Re4+ 33. Kc3
Re3+ 34. Kb2 Bf3 35. Bf6 Re2 36. Rxe2 Bxe2 37. h3 Kd7 38. g4 Ke6 39. Be5 c6 40.
Kc3 h6 41. Bg7 Bf1 42. h4 Bh3 43. g5 hxg5 44. hxg5 Kf5 45. Bf6 Kxf4 46. g6 Bf5
47. g7 Bh7 48. Kd4 Kf5 49. Be7 Ke6 50. Bf8 Kf7 51. Kc5 Be4 52. Kb6 Bd5 53. a3
Ke8 54. Kxa6 c5 55. Bxc5 1-0

[Event "Tournoi francophone 013"]
[Site "Skype"]
[Date "????.??.??"]
[Round "3.17"]
[White "Douichi, Mohammed"]
[Black "Bourdeau, Yvan"]
[Result "0-1"]
[WhiteElo "1203"]
[BlackElo "1383"]
[PlyCount "93"]

1. e4 d5 2. exd5 Qxd5 3. Nc3 Qd8 4. d4 Bf5 5. Bc4 e6 6. Nf3 Nd7 7. Bf4 c6 8. h3
Bb4 9. Qd2 Ngf6 10. O-O Ne4 11. Qe3 Nxc3 12. bxc3 Ba5 13. Bb3 Bc7 14. Rad1 O-O
15. g4 Bxf4 16. Qxf4 Bg6 17. c4 Qf6 18. Qe3 Rfe8 19. Rde1 a5 20. a4 h6 21. c5
Rad8 22. c3 Nf8 23. Rd1 Nd7 24. Rfe1 Nb8 25. Ba2 Na6 26. Bb3 Nc7 27. c4 Na6 28.
Rd2 Nb4 29. Ree2 Bh7 30. Ne5 g5 31. Qc3 Qf4 32. Re3 Be4 33. Rg3 f6 34. Nf3 e5
35. d5 cxd5 36. cxd5 Bxd5 37. Ne1 Qe4 38. f3 Qxe1+ 39. Kg2 Kg7 40. Bxd5 Rxd5
41. f4 Rxd2+ 42. Qxd2 Qxd2+ 43. Kg1 Qe1+ 44. Kg2 Rd8 45. Rf3 Rd2+ 46. Rf2 Qxf2+
47. Kh1 0-1

[Event "Tournoi francophone 013"]
[Site "Skype"]
[Date "????.??.??"]
[Round "3.18"]
[White "Duthoit, Bernard"]
[Black "Rivalta, Paolo"]
[Result "0-1"]
[WhiteElo "1379"]
[BlackElo "1101"]
[PlyCount "64"]

1. e4 e5 2. Nf3 Nc6 3. Bc4 h6 4. c3 Nf6 5. O-O Be7 6. Re1 O-O 7. d4 exd4 8.
cxd4 Bb4 9. Nc3 Bxc3 10. bxc3 d5 11. exd5 Nxd5 12. Bxd5 Qxd5 13. Bf4 Bg4 14.
Re3 Rfe8 15. Qd2 Bxf3 16. Rxf3 Ne5 17. dxe5 Qe6 18. Rd3 c5 19. Rd6 Qf5 20. h3
b6 21. Rd5 Qe4 22. Re1 Qc4 23. Re4 Qxe4 24. f3 Qc4 25. e6 Rxe6 26. Rh5 Rae8 27.
g4 Re1+ 28. Kg2 R8e2+ 29. Qxe2 Qxe2+ 30. Kg3 Rg1+ 31. Kh4 Qf2+ 32. Bg3 Qxg3#
0-1

[Event "Tournoi francophone 013"]
[Site "Skype"]
[Date "????.??.??"]
[Round "3.19"]
[White "Abate, Luigi"]
[Black "Scata, Laura"]
[Result "0-1"]
[WhiteElo "1189"]
[BlackElo "1366"]
[PlyCount "52"]

1. d4 Nf6 2. Nf3 c6 3. c4 g6 4. Nc3 Bg7 5. e4 d6 6. d5 c5 7. Bf4 Nbd7 8. Bd3
Nh5 9. Qd2 Nxf4 10. Qxf4 Ne5 11. Rd1 Qb6 12. Na4 Qb4+ 13. Nc3 Qxb2 14. Qd2
Nxf3+ 15. gxf3 Bxc3 16. Ke2 Bxd2 17. Rxd2 Qe5 18. Rg1 Qxh2 19. Rdd1 O-O 20. Rh1
Qe5 21. Ke3 f5 22. f4 Qd4+ 23. Ke2 Qb2+ 24. Rd2 Qc3 25. exf5 Bxf5 26. Rc2 Bxd3+
0-1

[Event "Tournoi francophone 013"]
[Site "Skype"]
[Date "????.??.??"]
[Round "3.20"]
[White "Amato, Ludovica"]
[Black "Maccaferri, Massimo"]
[Result "1-0"]
[WhiteElo "1346"]
[BlackElo "1074"]
[PlyCount "51"]

1. e4 e5 2. Nf3 Nc6 3. Bc4 Nd4 4. c3 Nxf3+ 5. Qxf3 Qf6 6. Qd1 Qg6 7. Qf3 Qf6 8.
Qxf6 Nxf6 9. d3 c6 10. Bb3 d5 11. exd5 cxd5 12. O-O Bf5 13. Re1 e4 14. Bxd5
Nxd5 15. dxe4 Nf4 16. exf5+ Be7 17. Bxf4 f6 18. Bd6 Rd8 19. Rxe7+ Kf8 20. Rd7+
Ke8 21. Rxd8+ Kxd8 22. Na3 Re8 23. Rd1 Kc8 24. Bg3 a6 25. Nc4 Re2 26. Nb6# 1-0

[Event "Tournoi francophone 013"]
[Site "Skype"]
[Date "????.??.??"]
[Round "3.21"]
[White "Ambrosino, Theo"]
[Black "Montilla Bejarano, Carmen"]
[Result "1-0"]
[WhiteElo "1339"]
[BlackElo "1073"]
[PlyCount "51"]

1. c4 e5 2. Nc3 Nf6 3. Nf3 Nc6 4. e4 d6 5. g3 Bg4 6. Bg2 Nd4 7. d3 c5 8. Bg5 h6
9. Bxf6 gxf6 10. Nd5 Bg7 11. O-O Qd7 12. Ne3 h5 13. a3 f5 14. exf5 Nxf5 15.
Nxf5 Qxf5 16. Qa4+ Kf8 17. Nh4 Qd7 18. Qxd7 Bxd7 19. Bxb7 Rb8 20. Bd5 Rxb2 21.
Rab1 Rxb1 22. Rxb1 Ke7 23. Rb7 Ra8 24. Nf5+ Kd8 25. Nxg7 Rc8 26. Rxa7 1-0

[Event "Tournoi francophone 013"]
[Site "Skype"]
[Date "????.??.??"]
[Round "3.22"]
[White "Bucherie, Volcy"]
[Black "Tolaro, Filippa"]
[Result "1-0"]
[WhiteElo "1336"]
[BlackElo "1065"]
[PlyCount "117"]

1. d4 d5 2. c4 Nf6 3. Nc3 c6 4. Bf4 Bf5 5. Nf3 e6 6. a3 Be7 7. Ne5 Bd6 8. cxd5
cxd5 9. Qa4+ Nbd7 10. Nb5 O-O 11. Nxd6 Qc7 12. Nxf5 exf5 13. e3 a6 14. Bd3 b5
15. Nxd7 bxa4 16. Bxc7 Nxd7 17. Bxf5 Nf6 18. Rc1 g6 19. Bd6 Rfe8 20. Be5 Kg7
21. Rc6 gxf5 22. Rxf6 f4 23. Rxf4+ Kg6 24. Rf6+ Kg7 25. Rxa6+ Kf8 26. Bd6+ Kg8
27. Rxa8 Rxa8 28. O-O Rc8 29. Re1 Rc2 30. Rb1 f5 31. Kf1 Kf7 32. b4 Ke8 33. b5
Kd7 34. Be5 Kc8 35. b6 Kb7 36. h3 h5 37. f3 Rc3 38. Ke2 Rxa3 39. Bd6 Rc3 40.
Kd2 Rc6 41. Bc5 Rg6 42. g4 fxg4 43. hxg4 h4 44. e4 dxe4 45. fxe4 h3 46. d5 Rxg4
47. d6 Rxe4 48. d7 Kc6 49. d8=Q Kxc5 50. Qc7+ Kd5 51. Rb5+ Ke6 52. Kd3 Re1 53.
Qc6+ Kf7 54. Rf5+ Ke7 55. Qc7+ Ke6 56. Qc8+ Kd6 57. Qf8+ Kd7 58. Rf6 Re8 59.
Rd6+ 1-0

[Event "Tournoi francophone 013"]
[Site "Skype"]
[Date "????.??.??"]
[Round "3.23"]
[White "Dib, Catherine"]
[Black "Martin, Jean-Claude"]
[Result "0-1"]
[WhiteElo "1070"]
[BlackElo "1315"]
[PlyCount "88"]

1. Nf3 d5 2. g3 Nf6 3. Bg2 c6 4. d4 Nbd7 5. Nbd2 e6 6. O-O Be7 7. Re1 O-O 8.
Nh4 Nh5 9. e4 Bxh4 10. Qxh5 Bf6 11. e5 g6 12. Qf3 Bg7 13. b3 f6 14. Bb2 fxe5
15. Qe3 e4 16. f3 exf3 17. Nxf3 Re8 18. Rac1 b5 19. Ne5 Nxe5 20. dxe5 Qb6 21.
Qxb6 axb6 22. c4 Rxa2 23. Bd4 Bh6 24. Be3 Bxe3+ 25. Rxe3 bxc4 26. bxc4 d4 27.
Rb3 Bd7 28. Rxb6 d3 29. Bf1 Rc2 30. Rd1 d2 31. Rb7 Rd8 32. Kf2 Rf8+ 33. Ke2 Be8
34. Rxd2 Rxc4 35. Rd6 Re4+ 36. Kd3 Rxe5 37. Bg2 Rf2 38. Bxc6 Bxc6 39. Rb8+ Kg7
40. Rxc6 Rf3+ 41. Kd4 Rfe3 42. Rc5 R3e4+ 43. Kd3 Re3+ 44. Kd4 R5e4# 0-1

[Event "Tournoi francophone 013"]
[Site "Skype"]
[Date "????.??.??"]
[Round "3.24"]
[White "Ruiz Aguilera, Juan Jesus"]
[Black "Gharbi, Said"]
[Result "1/2-1/2"]
[WhiteElo "1083"]
[BlackElo "1456"]
[PlyCount "82"]

1. d4 e5 2. dxe5 Nc6 3. Nf3 Qe7 4. Bf4 Qb4+ 5. Nc3 Qxf4 6. e3 Qb4 7. Rb1 d6 8.
Bd3 Bg4 9. exd6 Bxd6 10. h3 Bxf3 11. Qxf3 Ne5 12. Qe4 Nf6 13. Qxb4 Bxb4 14. O-O
O-O-O 15. Rbd1 Bxc3 16. bxc3 Nd5 17. c4 Nb4 18. Bf5+ Kb8 19. a3 Na6 20. Rd4
Rxd4 21. exd4 Nxc4 22. a4 g6 23. Bd3 Nb2 24. Bxa6 Nxa4 25. Rb1 b6 26. Bc4 f5
27. f4 Nc3 28. Re1 Ne4 29. Bd5 Re8 30. g4 Nf6 31. Re6 Rxe6 32. Bxe6 fxg4 33.
hxg4 a5 34. Kf2 Kb7 35. Ke3 Kc6 36. Kd3 Kb5 37. Kc3 Ka4 38. Kb2 b5 39. c3 c6
40. g5 Nd5 41. Bxd5 cxd5 1/2-1/2

[Event "Tournoi francophone 013"]
[Site "Skype"]
[Date "????.??.??"]
[Round "3.25"]
[White "Sauvaget, Joel"]
[Black "Milanese, Serge"]
[Result "1/2-1/2"]
[WhiteElo "1290"]
[BlackElo "1202"]
[PlyCount "60"]

1. d4 Nf6 2. c4 d5 3. e3 Bf5 4. h3 c6 5. Nf3 Nbd7 6. Nc3 e6 7. Bd3 Bxd3 8. Qxd3
Be7 9. O-O c5 10. dxc5 Bxc5 11. Na4 b6 12. Nxc5 bxc5 13. Bd2 O-O 14. Bc3 Qc7
15. Rfd1 Ne4 16. cxd5 Nxc3 17. Qxc3 e5 18. d6 Qb6 19. Nxe5 Nxe5 20. Qxe5 Rfe8
21. Qc3 Rad8 22. d7 Re7 23. Rac1 Rexd7 24. Rxd7 Rxd7 25. b3 h6 26. Qc2 a5 27.
Qf5 Rd2 28. Qb1 Qf6 29. Rf1 Qb2 30. Qxb2 Rxb2 1/2-1/2

[Event "Tournoi francophone 013"]
[Site "Skype"]
[Date "????.??.??"]
[Round "3.26"]
[White "Fernandez, Raquel"]
[Black "Rodriguez, Nathalie"]
[Result "0-1"]
[WhiteElo "1043"]
[BlackElo "1266"]
[PlyCount "74"]

1. e4 e5 2. Nf3 Nc6 3. Nc3 Nf6 4. Bc4 h6 5. Nd5 Nxd5 6. exd5 Nd4 7. Nxd4 exd4
8. d3 Be7 9. a3 d6 10. Bb5+ Bd7 11. a4 O-O 12. Bd2 a6 13. Bxd7 Qxd7 14. O-O Qf5
15. g3 Qxd5 16. c3 dxc3 17. Bxc3 f6 18. Qe2 Qf7 19. Rae1 Rae8 20. b4 c6 21. Rb1
Bd8 22. Qf3 Re6 23. Rfe1 Rfe8 24. Re4 d5 25. Rxe6 Qxe6 26. b5 cxb5 27. axb5
axb5 28. Qe3 Qc6 29. Qd2 Re6 30. Re1 Qd6 31. Bb4 Qd7 32. Rxe6 Qxe6 33. f4 Bb6+
34. Kh1 Be3 35. Qa2 Kh7 36. Qa5 Qc6 37. f5 d4# 0-1

[Event "Tournoi francophone 013"]
[Site "Skype"]
[Date "????.??.??"]
[Round "3.27"]
[White "Guillaume, Mickael"]
[Black "Coude, Josue"]
[Result "1-0"]
[WhiteElo "1106"]
[BlackElo "1078"]
[PlyCount "31"]

1. e4 e5 2. Nf3 Nc6 3. d4 d6 4. h3 Nf6 5. Bb5 Nxe4 6. Qe2 Bf5 7. dxe5 dxe5 8.
Nxe5 Ng5 9. Nxc6+ Ne6 10. Nxd8+ c6 11. Nxe6 Bxe6 12. Bc4 Be7 13. Bxe6 fxe6 14.
Qxe6 Rd8 15. Bg5 Rd6 16. Qxe7# 1-0

[Event "Tournoi francophone 013"]
[Site "Skype"]
[Date "????.??.??"]
[Round "3.28"]
[White "Ramirez, Luis Antonio"]
[Black "Hargez, Dany"]
[Result "1/2-1/2"]
[WhiteElo "1075"]
[BlackElo "1296"]
[PlyCount "161"]

1. d4 d5 2. c4 Bf5 3. Bf4 e6 4. e3 Be4 5. Nd2 Bb4 6. a3 Bxd2+ 7. Qxd2 Ne7 8. f3
Bf5 9. Rc1 O-O 10. c5 Nbc6 11. g4 Bg6 12. h4 h5 13. Qg2 hxg4 14. Qxg4 Nf5 15.
h5 Nxe3 16. Bxe3 Bf5 17. Qg3 Bh7 18. h6 g6 19. Rc2 Ne7 20. Qe5 Nf5 21. Bf4 Rc8
22. Rg2 f6 23. Qxe6+ Kh8 24. Bd3 Re8 25. Bxf5 Rxe6+ 26. Bxe6 Bg8 27. Bxc8 Qxc8
28. Rxg6 Qe8+ 29. Ne2 Qxg6 30. Kf1 Qb1+ 31. Bc1 Qc2 32. Kf2 Qh7 33. Ng3 Be6 34.
Nh5 Qc2+ 35. Kg3 Qg6+ 36. Kf2 Qf5 37. Ng7 Qc2+ 38. Kg3 Qg6+ 39. Kf2 f5 40. Nxe6
Qxe6 41. Bf4 Kh7 42. Rg1 Kh8 43. Rg7 Qf6 44. Rxc7 Qh4+ 45. Bg3 Qxd4+ 46. Kg2
Qd2+ 47. Bf2 Qg5+ 48. Kf1 Qxh6 49. Rxb7 Qh1+ 50. Bg1 Qxf3+ 51. Bf2 Qh3+ 52. Ke2
Qg4+ 53. Kf1 Qd1+ 54. Kg2 Qg4+ 55. Kf1 f4 56. Bd4+ Kg8 57. c6 Qf3+ 58. Ke1 Qe4+
59. Kf2 f3 60. Bxa7 Qe2+ 61. Kg3 Qg2+ 62. Kf4 f2 63. Bxf2 Qxf2+ 64. Ke5 d4 65.
c7 Qe3+ 66. Kf5 Qf3+ 67. Ke5 Qxb7 68. c8=Q+ Qxc8 69. Kxd4 Qc2 70. b4 Qb2+ 71.
Kc4 Qxa3 72. b5 Qd6 73. b6 Kf7 74. b7 Ke6 75. Kb5 Qc7 76. b8=Q Qxb8+ 77. Kc4
Qc7+ 78. Kd4 Qd6+ 79. Kc4 Qd5+ 80. Kc3 Kd6 81. Kb4 1/2-1/2

[Event "Tournoi francophone 013"]
[Site "Skype"]
[Date "????.??.??"]
[Round "3.29"]
[White "Gagnon, Sindy"]
[Black "Le Bouill, Pierre"]
[Result "0-1"]
[WhiteElo "1043"]
[BlackElo "1252"]
[PlyCount "50"]

1. e4 e5 2. Nc3 Nf6 3. Bc4 c6 4. Nf3 d6 5. Ng5 Be6 6. Be2 h6 7. Nf3 Be7 8. d3
Nbd7 9. Be3 d5 10. d4 Bb4 11. Qd3 Bxc3+ 12. bxc3 dxe4 13. Qd2 exf3 14. Bxf3
exd4 15. cxd4 Nb6 16. Rb1 Nc4 17. Qd3 Nxe3 18. fxe3 O-O 19. Rxb7 Rb8 20. Rxa7
Rb1+ 21. Kf2 Rxh1 22. Qa6 Bd5 23. e4 Re8 24. Ke3 Bxe4 25. Bd1 Rxd1 0-1

[Event "Tournoi francophone 013"]
[Site "Skype"]
[Date "????.??.??"]
[Round "3.31"]
[White "Trapletti, Cosetta"]
[Black "Busto, Ricardo"]
[Result "1-0"]
[WhiteElo "1026"]
[BlackElo "1210"]
[PlyCount "67"]

1. d4 Nf6 2. Bf4 d6 3. Nf3 e6 4. e3 c5 5. c3 Nc6 6. Nbd2 cxd4 7. exd4 e5 8. Bg3
Qc7 9. Qe2 Bg4 10. h3 Bxf3 11. Qxf3 Be7 12. Bd3 O-O 13. O-O-O a6 14. Ne4 Nxd4
15. Qe3 Nf5 16. Qe2 Nxg3 17. Nxg3 b5 18. Nf5 Nd5 19. Qe4 Bg5+ 20. Kb1 g6 21. h4
Nf6 22. Qf3 e4 23. Bxe4 Nxe4 24. hxg5 Nxg5 25. Nh6+ Kg7 26. Qg4 Qc5 27. f4 Ne6
28. Nf5+ Kg8 29. Ne7+ Kg7 30. f5 Rae8 31. f6+ Kh8 32. Qh3 Ng5 33. Qh6 a5 34.
Qg7# 1-0

[Event "Tournoi francophone 013"]
[Site "Skype"]
[Date "????.??.??"]
[Round "3.33"]
[White "Hampton, Irene"]
[Black "Dhenain, Sebastien"]
[Result "0-1"]
[WhiteElo "1000"]
[BlackElo "1086"]
[PlyCount "42"]

1. d4 d5 2. Nf3 Nf6 3. e3 Nc6 4. Be2 e6 5. O-O Be7 6. Bd2 O-O 7. b3 h6 8. c4
Re8 9. Nc3 Bd6 10. a3 e5 11. Qc2 e4 12. Nh4 Ng4 13. cxd5 Qxh4 14. h3 Bh2+ 15.
Kh1 Bd6 16. Nxe4 Ne7 17. Ng3 Bxg3 18. f3 Nf2+ 19. Kg1 Nxh3+ 20. gxh3 Qxh3 21.
f4 Qh2# 0-1

[Event "Tournoi francophone 013"]
[Site "Skype"]
[Date "????.??.??"]
[Round "4.1"]
[White "Rapaire, Jean-Michel"]
[Black "Thevenet, Yann"]
[Result "1/2-1/2"]
[WhiteElo "1742"]
[BlackElo "1986"]
[PlyCount "54"]

1. e4 e5 2. Nf3 Nc6 3. Bb5 a6 4. Bxc6 dxc6 5. d4 exd4 6. Qxd4 Bg4 7. Qxd8+ Rxd8
8. h3 Bxf3 9. gxf3 Ne7 10. Bf4 Rd7 11. Nd2 Ng6 12. Bg3 Bd6 13. O-O-O f6 14. Nc4
Bf4+ 15. Bxf4 Nxf4 16. Na5 Rxd1+ 17. Kxd1 Kf7 18. Kd2 Rb8 19. Ke3 g5 20. Nb3 b6
21. Nd4 c5 22. Nf5 h5 23. h4 Rd8 24. Rg1 Ne6 25. Rh1 Nf4 26. Rg1 Ne6 27. Rh1
Nf4 1/2-1/2

[Event "Tournoi francophone 013"]
[Site "Skype"]
[Date "????.??.??"]
[Round "4.2"]
[White "Hilton, Stephen"]
[Black "Meyer, Eric"]
[Result "1/2-1/2"]
[WhiteElo "1865"]
[BlackElo "1675"]
[PlyCount "104"]

1. d4 d5 2. c4 c6 3. Nf3 Nf6 4. e3 Bf5 5. Qb3 Qc7 6. Nc3 e6 7. Be2 Nbd7 8. O-O
Be7 9. Bd2 O-O 10. Rac1 Qb6 11. c5 Qxb3 12. axb3 Bd8 13. b4 a6 14. Ra1 Bc7 15.
Ra3 Rfe8 16. Rfa1 Rab8 17. h3 h6 18. Be1 e5 19. Bf1 exd4 20. Nxd4 Bg6 21. Bd2
Ne4 22. Nxe4 Rxe4 23. f3 Ree8 24. f4 Be4 25. Kf2 g5 26. g3 Bd8 27. Bd3 Bxd3 28.
Rxd3 Bf6 29. Bc3 Kh7 30. Nf5 Kg6 31. Nd6 Re7 32. Kf3 Bxc3 33. bxc3 f5 34. g4
fxg4+ 35. hxg4 h5 36. f5+ Kf6 37. Rd4 Ne5+ 38. Kg3 Nxg4 39. e4 dxe4 40. Nxe4+
Rxe4 41. Rxe4 Kxf5 42. Re2 Rd8 43. Rf1+ Kg6 44. Re6+ Kg7 45. Re7+ Kg6 46. Rxb7
Ne5 47. Re7 Rd3+ 48. Kg2 Ng4 49. Re6+ Kg7 50. Rf3 Rd2+ 51. Kg1 Rd1+ 52. Kg2
Rd2+ 1/2-1/2